1892 1778 1708 1873 1359 1788 1422 1775 1509 1538 1143 1467 1377 1738 1138 1458 1978 1013 1206 1117 1101 1420 1080 1621 1719 1143 1881 1279 1028 1529 1416 1197 1223 1077 1097 1997 1100 1723 1612 1771 1503 1192 1525 1642 1488 1721 1158 1297 1130 1811 1570 1427 1223 1851 1494 1166 1535 1380 1829 1614 1192 1220 1254 1732 1892 1612 1350 1131 1188 1409 1602 1679 1933 1197 1080 1078 1146 1624 1817 1785 1898 1170 1435 1822 1283 1306 1806 1022 1044 1500 1031 1397 1878 1578 1376 1402 1759 1522 1874 BCNSPRNW ULIB Ver.6.0+V

เปลี่ยนเป็นภาษาไทย

Change to English
 แสดงรายละเอียดบรรณานุกรม
  กลับหน้าหลัก

Brief Record : Get Marc (ISO 2709) : E-mail record : QR code < ปิดหน้าต่าง
LEADER : 00000nam 2200000uu 4500
001    13399114924
003     ULIB
008    110219s2551||||th 000 0 tha d
099    วจ.BF637.54^bส765
100 0  สุดกัญญา ปานเจริญ
245 00 ปัจจัยที่มีผลต่ออุปนิสัยเชิงรุกของนักศึกษาพยาบาลวิทยาลัยพยาบาลบรมราชชนนีสวรรค์ประชารักษ์ นครสวรรค์/^cสุดกัญญา ปานเจริญ, รพีพรรณ วิบูลวัฒนกิจ และ อัจฉโรบล แสงประเสริฐ
260    นครสวรรค์:^bวิทยาลัยพยาบาลบรมราชชนนีสวรรค์ประชารักษ์,^c2551
300    76 หน้า
650  7 อุปนิสัยเชิงรุก^xวิจัย
650  7 นักศึกษาพยาบาล^xวิจัย
700 0  รพีพรรณ วิบูลวัฒนกิจ
700 0  อัจฉโรบล แสงประเสริฐ
710 2  วิทยาลัยพยาบาลบรมราชชนนีสวรรค์ประชารักษ์ นครสวรรค์
945    ^p0^l0^i023465
995    ทศพร
999 ^a ใช้งานได้ทุกระบบ
รายการนี้ยังไม่มีแท็ก
คุณยังไม่ได้ล็อกอิน คุณสามารถมีกิจกรรมร่วมกับเว็บไซต์ได้ แต่ต้องล็อกอินก่อน ::
  ล็อกอิน

รายการสื่อสารสนเทศ

ลำดับที่ ประเภท เลขเรียก/บาร์โค้ด สถานที่ สถานะ
1. งานวิจัย
งานวิจัย
วจ.BF637.54 ส765 ฉ.1 
  Barcode: 023465
ห้องสมุดวิทยาเขตสวรรค์ประชารักษ์
►วิจัย
บนชั้น

รายการใกล้เคียง
    ผู้แต่ง [สุดกัญญา ปานเจริญ]

BibComment


ยังไม่เคยถูกคอมเมนท์

คอมเมนท์ทรัพยากรรายการนี้
  คอมเมนท์: ปัจจัยที่มีผลต่ออ..


 Copyright 2026. Bcnsprnw @Library